Pacient s demenciou v rodine - sonda do problémov neformálnych opatrovateľov

Bibliographic Details
Main Author: Ondriášová, M. (Author)
Format: Article
Language:Slovak
PhysicalDescription:Tab.
Subjects:

MARC

LEADER 00000nab a2200000 a 4500
001 vtls000804871
003 SK-MaSNL
005 20260304105458.0
008 250429c1999 xo 0 slo
015 |a SNBRB2002/09-28374 
035 |a CLN000156526 
035 |a urn:nbn:sk:snk-ab6xwi 
035 |a (uuid)b62ed408-fee7-42c0-9a3d-c330b9cf88ef 
035 |a (urnnbn)urn:nbn:sk:snk:ar-a0670p 
035 |a (sysno)vtls000804871 
040 |a SNKBUCL  |b slo  |c SNKBUCL  |e AACR2 
041 0 |a slo 
044 |a xo  |c SK 
080 |a 616.892.3-082.8  |2 1997 
100 1 |a Ondriášová, M.  |4 aut  |9 1240207 
245 1 0 |a Pacient s demenciou v rodine - sonda do problémov neformálnych opatrovateľov  |c M. Ondriášová 
246 1 1 |a Demented patient in the family milieu - a view into problems of nonformal care 
300 |b Tab. 
504 |a Res. slov. 
650 0 7 |a demencia  |2 SNKPH  |9 2444 
650 0 7 |a psychológia  |2 SNKPH  |9 807 
650 0 7 |a dotazníky  |2 SNKPH  |9 19591 
650 0 7 |a domáce ošetrovanie  |2 SNK  |9 1232655 
655 7 |a články z novín a časopisov  |2 SNK  |9 267496 
773 0 |t Revue ošetrovateľstva a laboratórnych metodík  |g Roč. 5, č. 1 (1999), s. 8-10 
850 |a Slovenská národná knižnica 
852 |a Slovenská národná knižnica 
958 |a article27 
958 |a OND 
958 |a MI 
958 |a EUIPO 
999 |c 2855851  |d 2857781